00877 2200277 4500001002100000005001500021035002500036008004100061020002200102040001700124082001400141084001600155100002100171245015800192260003000350300004400380650002500424700001600449850001200465007000300477090002000480090002200500504003300522999002200555990002200577INLIS00000000001811820200609081259 a0010-031600000000128160307s2015 yoi g ind d a978-979-29-5029-8 aYOPDYOGbind04222a790.1 a790.1 MAR p0 aMaruli Pardamean00aPlay with smart :btemukan permainan yang bisa merangsang kreativitas, inisiatif dan imajinasi anda /cpenulis, Maruli Pardamean; penyunting, Aldo Sahala3 aYogyakarta :bAndi,c2015 aviii, 350 halaman :bilustrasi ;c19 cm 4aPermainan kecerdasan0 aAldo Sahala aYOPDYOGta aDEP 790.1 MAR p aCB-D.11 2015-1239 aBibliografi: halaman 345-347 aCB-D.11/2015-1239 aCB-D.11/2015-1239